000 00383 a2200157 4500
001 190790
020 _a978-85-99885-95-6
040 _cMagnum
100 _aBarbosa, Débora
240 1 0 _aChica da silva, a rainha dos diamantes
_lpor
245 1 0 _aChica da silva, a rainha dos diamantes
300 _a24
362 0 _a2009
697 _aLITERATURA INFANTO-JUVENIL
942 _cBK
999 _c190790
_d190790